Normal view
MARC view
- Geavetter, Frederick J, Larry B. Wallnau,Lori-Ann B. Forzano, James E. Witnauer
Entry Personal Name
001 - CONTROL NUMBER
- control field: 6326
003 - CONTROL NUMBER IDENTIFIER
- control field: JO-AjAnu
005 - DATE AND TIME OF LATEST TRANSACTION
- control field: 20230606071327.0
008 - FIXED-LENGTH DATA ELEMENTS
- fixed length control field: 230606|| aca||aabn | a|a d
040 ## - CATALOGING SOURCE
- Original cataloging agency: JO-AjAnu
- Transcribing agency: JO-AjAnu
100 ## - HEADING--PERSONAL NAME
- Personal name: Geavetter, Frederick J, Larry B. Wallnau,Lori-Ann B. Forzano, James E. Witnauer
670 ## - SOURCE DATA FOUND
- Source citation: Work cat.: (JO-AjAnu)3277: Geavetter, Frederick J, Larry B. Wallnau,Lori-Ann B. Forzano, James E. Witnauer, author, ESSENTIALS OF STATISTICS FOR THE BEHAVIORAL SCIENCES